Haustiere der Hollywood Stars - Statistiken

Allgemein
  • Dieses Quiz wurde 484 mal gespielt
  • Das Durchschnittsergebnis liegt bei 4 aus 11
Antwortstatistiken
Frage Antwort % Korrekt
George Clooney besaß 18 Jahre lang als Haustier... ... ein Hängebauchschwein namens Max.
65%
Aufgrund fehlender Papiere wurde welches Haustier von Justin Bieber auf einem Deutschlandbesuch konfisziert? Sein Kapuzineräffchen Malley.
62%
Von welcher Art hielt sich Boxerlegende Mike Tyson gleich drei Tiere zuhause? Königstiger
54%
Welches Haustier des Guns ‘N‘ Roses Gitarristen Slash hatte einen Auftritt im Musikvideo zu „Patience“? Pandora, die Königsboa.
54%
Reese Witherspoon lebt in ihrem Zuhause u.a. mit... ... zwei Zwergeseln, die sie Honky und Tonky getauft hat.
54%
Welches Haustier hat Vanilla Ice neben einem Luchs, mehreren Affen und einer Ziege? Bucky, ein Känguru.
27%
Welches Tier adoptierte Audrey Hepburn nach Abschluss eines Films? Das Rehkitz Pippin.
23%
Im Hause DiCaprio treffen Besucher welchen tierischen Mitbewohner an? Spornschildkröte
19%
Nicolas Cage besitzt neben seinen Kobras Moby und Sheba auch... ... einen Oktopus.
12%
Bereits als junges Mädchen gehörten welche Tiere zum Haushalt von Kristen Stewart? Wölfe
4%
Welches Tier adoptierte Paris Hilton und nahm es überall mit hin? Baby Luv, ein Wickelbär.
0%
Keine übereinstimmenden Quizze gefunden
Verteilung der Resultate
Anzahl Personen mit jedem Resultat
Perzentil nach korrekt beantworteten Fragen
Ihre Resultats-Entwicklung
Sie haben dieses Quiz noch nicht gespielt